ARC training report 1998 : The 16th regional training course on vegetable production and research
Contents: Chinese bitter gourd adaptation trial; cabbage varietal trial; heat-tolerant Chinese cabbage varietal trial; hot peper varietal trial; tomato bacterial wilt.
Enregistré dans:
| Format: | Livre |
|---|---|
| Langue: | Undetermined |
| Publié: |
Thailand
Asian Regional Center
1999
|
| Sujets: | |
| Tags: |
Ajouter un tag
Pas de tags, Soyez le premier à ajouter un tag!
|
| Thư viện lưu trữ: | Trung tâm Học liệu Trường Đại học Cần Thơ |
|---|
| LEADER | 00713nam a2200193Ia 4500 | ||
|---|---|---|---|
| 001 | CTU_138517 | ||
| 008 | 210402s9999 xx 000 0 und d | ||
| 082 | |a 635 | ||
| 082 | |b A832 | ||
| 245 | 0 | |a ARC training report 1998 : | |
| 245 | 4 | |b The 16th regional training course on vegetable production and research | |
| 260 | |a Thailand | ||
| 260 | |b Asian Regional Center | ||
| 260 | |c 1999 | ||
| 520 | |a Contents: Chinese bitter gourd adaptation trial; cabbage varietal trial; heat-tolerant Chinese cabbage varietal trial; hot peper varietal trial; tomato bacterial wilt. | ||
| 650 | |a Vegetables,Rau hoa | ||
| 650 | |z Asian,Asian | ||
| 904 | |i Tuyến | ||
| 980 | |a Trung tâm Học liệu Trường Đại học Cần Thơ | ||